| 000 | 00871nam a22002657a 4500 | ||
|---|---|---|---|
| 001 | 001002 | ||
| 003 | DO-SdBPM | ||
| 005 | 20241129093320.0 | ||
| 007 | 001002 | ||
| 008 | 160808b2007 ck |||| 00| 0 spa d | ||
| 020 | _a9789583002199 | ||
| 040 |
_aDO-SdBPM _bspa _cBPMSU |
||
| 082 | 4 |
_aA861.5 _bH557M 2007 _222 |
|
| 100 | 1 |
_aHernández, José _d1834-1886 |
|
| 245 | 1 | 0 |
_aMartín Fierro / _cJosé Hernández ; edición Gabriel Silva Rincón |
| 260 |
_aBogotá, Colombia : _bPanamericana, _c2007 _g |
||
| 300 |
_a242 p. : _bil. ; _c21 cm. |
||
| 490 | 0 | _aLetras latinoamericanas | |
| 500 | _aContiene tabla cronológica, ahí se encentra el escritor dominicano Manuel de Jesús Galván | ||
| 650 | 4 | _aPoesía argentina | |
| 650 | 4 |
_aGaucho _vPoesías |
|
| 700 | 1 |
_aSilva Rincón, Gabriel, _eeditor |
|
| 910 | _aVMateo V. Control de calidad. BPMSU | ||
| 942 |
_2ddc _cBK |
||
| 999 |
_c11118 _d11118 |
||